Ďalej rozvíjať osobnosť žiaka

Bibliographic Details
Main Author: Macko, Andrej (Author)
Format: Article
Language:Slovak
Subjects:

MARC

LEADER 00000nab a2200000 a 4500
001 vtls000162470
003 SK-MaSNL
005 20260426060807.0
008 140301c1983 xo 0 slo
015 |a SNBRB19rr/mm-uuuuu 
035 |a CL0172581 
040 |a SNKBUCL  |b slo  |c SNKBUCL  |e AACR2 
041 0 |a slo 
044 |a xo  |c SK 
080 |a 37.032-053.6:37.037  |2 1981 
080 |a 37.037  |2 1981 
100 1 |a Macko, Andrej  |4 aut  |9 293917 
245 1 0 |a Ďalej rozvíjať osobnosť žiaka  |c Andrej Macko 
650 0 7 |a žiaci  |2 snkbucl  |9 16621 
650 0 7 |a vzdelávanie  |2 snkbucl  |9 4033 
650 0 7 |a osobnosť  |2 snkbucl  |9 4341 
650 0 7 |a rozumová výchova  |2 snkbucl  |9 71562 
655 7 |a články z novín a časopisov  |2 snkbucl  |9 267496 
773 0 |t Učiteľské noviny  |g Roč. 33, č. 38 (1983), s. 5 
850 |a Slovenská národná knižnica v Martine  |a MTA001 
852 |a SNK  |b KIS3GCP 
958 |a RK 
992 |a RBX 
999 |c 2236639  |d 2238569